হিন্দু আইন। (Record no. 1557)
[ view plain ]
| 000 -LEADER | |
|---|---|
| fixed length control field | 00523nam a2200121Ia 4500 |
| 008 - FIXED-LENGTH DATA ELEMENTS--GENERAL INFORMATION | |
| fixed length control field | 151213s9999 xx 000 0 und d |
| 100 ## - MAIN ENTRY--PERSONAL NAME | |
| Personal name | শ্রী দীনেশ চন্দ্র দেবনাথ। |
| 245 ## - TITLE STATEMENT | |
| Title | হিন্দু আইন। |
| Statement of responsibility, etc. | শ্রী দীনেশ চন্দ্র দেবনাথ। |
| 260 ## - PUBLICATION, DISTRIBUTION, ETC. (IMPRINT) | |
| Place of publication, distribution, etc. | ঢাকা |
| Name of publisher, distributor, etc. | কামরুল বুক হাউস। |
| Date of publication, distribution, etc. | 2008 |
| 300 ## - PHYSICAL DESCRIPTION | |
| Extent | 2110 p. |
| 700 ## - ADDED ENTRY--PERSONAL NAME | |
| Personal name | শ্রী দীনেশ চন্দ্র দেবনাথ। |
No items available.
